| 000 | 00729nam a2200217Ia 4500 | ||
|---|---|---|---|
| 003 | OSt | ||
| 005 | 20250224092803.0 | ||
| 008 | 210716s2003 xx 000 0 und d | ||
| 020 | _a0761997415 | ||
| 040 | _cAIMIT LIBRARY | ||
| 041 | _aeng | ||
| 082 |
_a658.406 _21 _bMAMK |
||
| 100 |
_aMamkoottam, Kuriakose. _9202099 |
||
| 245 |
_aLabour and change: _bessays on globalization, technological change and labour in india / _cBy Kuriakose Mamkoottam. |
||
| 250 | _a1st ed. | ||
| 260 |
_aNew Delhi : _bResponse Books ; _c2003. |
||
| 300 |
_a182p. ; _bPB _c21 cm. |
||
| 650 |
_aGlobalization technology and human resources _9202100 |
||
| 650 |
_aChange and industrial relations _9202101 |
||
| 942 |
_2ddc _cBK _e1st ed. _k658.406 MAMK |
||
| 999 |
_c206031 _d206031 |
||